| 000 | 00444nam a22001697a 4500 | ||
|---|---|---|---|
| 999 |
_c4185 _d4185 |
||
| 008 | 200724b ||||| |||| 00| 0 eng d | ||
| 082 | 0 | 0 |
_a621.18 _bB333 |
| 100 |
_93428 _a Batley, Ronald Leslie. |
||
| 245 | 1 | 0 |
_aBoiler plant technology _cby Ronald Leslie. Batley |
| 250 | _a1st ed. | ||
| 260 |
_aLondon _bPitman, _c1951 |
||
| 300 | _a150 p. | ||
| 365 | _d8.07 | ||
| 650 | 0 | _aSteam Boilers | |
| 700 |
_93429 _aBarber, E. Gordon. |
||
| 942 | _cBK | ||